The study of evidentiality in Manipuri : (Record no. 27355)
[ view plain ]
| 000 -LEADER | |
|---|---|
| fixed length control field | 00451nam a2200145Ia 4500 |
| 082 ## - DEWEY DECIMAL CLASSIFICATION NUMBER | |
| Classification number | RP.0348 |
| 100 ## - MAIN ENTRY--AUTHOR NAME | |
| Personal name | Pramodini, N. |
| 245 #4 - TITLE STATEMENT | |
| Title | The study of evidentiality in Manipuri : |
| Sub Title | a linguistic and sociolinguistic study / |
| Statement of responsibility, etc | N. Pramodini |
| 260 ## - PUBLICATION, DISTRIBUTION, ETC. (IMPRINT) | |
| Place of publication | New Delhi : |
| Name of publisher | Indian Council of Social Science Research, |
| 300 ## - PHYSICAL DESCRIPTION | |
| Number of Pages | 168p. |
| 546 ## - LANGUAGE NOTE | |
| Language note | English |
| 650 ## - SUBJECT ADDED ENTRY--TOPICAL TERM | |
| Topical Term | Language and culture |
| 650 ## - SUBJECT ADDED ENTRY--TOPICAL TERM | |
| Topical Term | Sociolinguistics |
| Geographic subdivision | IndiaManipur |
| 942 ## - ADDED ENTRY ELEMENTS (KOHA) | |
| Koha item type | Research Reports |
| Source of classification or shelving scheme | Dewey Decimal Classification |
| Withdrawn status | Lost status | Damaged status | Not for loan | Collection code | Home library | Current library | Date acquired | Source of acquisition | Full call number | Accession Number | Price effective from | Koha item type |
|---|---|---|---|---|---|---|---|---|---|---|---|---|
| Not For Loan | ICSSR Research Project Reports | NASSDOC Library | NASSDOC Library | 11/01/2022 | Gifted by: RP Division ICSSR | RP.0348 | 52008 | 17/02/2022 | Research Reports |
